MARC

LEADER 00000nas a2200000 a 4500
001 ssj0000402068
003 WaSeSS
005 20200512172242.0
006 m d
007 cr n
008 100614d20102015njubr p s 0 a0eng c
010 |a  2010257192 
016 7 |a 015591655  |2 Uk 
022 |y 2160-603X 
035 |a (WaSeSS)ssj0000402068 
040 |a OUN  |b eng  |c OUN  |d INU  |d WAU  |d IUL  |d DLC  |d IUL  |d FUG  |d UKMGB  |d TJC  |d ZCU  |d ORU  |d CUV  |d DLC  |d OCLCF  |d OCLCO  |d GUA  |d CUS  |d HLS  |d GZM  |d NDD  |d CKK  |d XFH  |d GILDS  |d OCLCO  |d WaSeSS 
042 |a pcc  |a nsdp 
043 |a n-us--- 
050 0 0 |a JK1976  |b .C33 
082 1 0 |a 324.7  |2 14 
130 0 |a Campaigns & elections (2010) 
222 0 |a Campaigns & elections  |b (2010) 
245 1 0 |a Campaigns & elections  |h [electronic resource]. 
246 1 3 |a Campaigns and elections 
246 1 |i At head of title:  |a Magazine for people in politics 
260 |a Plainsboro, N.J. :  |b Political World Communications,  |c 2010-[2015] 
260 3 |3 May 2011-Apr. 2015 :  |a Arlington, VA :  |b Political Holdings LImited US, Inc. 
310 |a Bimonthly,  |b July/Aug. 2011-Apr. 2015 
321 |a 13 issues per year,  |b 2010-June 2011 
362 1 |a Began with: Vol. 31, no. 6 (June 2010); ceased with: Vol. 36, no. 2 (Mar./Apr. 2015). 
506 |a License restrictions may limit access. 
515 |a Issues for June 2010-2015 also called: issue 292-330. 
525 |a Has supplements. 
580 |a The Political pages is published annually as a numbered issue of Campaigns & elections (2010). 
588 |a Description based on: Vol. 31, no. 6 (June 2010); title from title page. 
588 |a Latest issue consulted: Vol. 36, no. 2 (Mar./Apr. 2015). 
650 0 |a Political campaigns  |z United States  |v Periodicals. 
650 0 |a Campaign management  |z United States  |v Periodicals. 
650 0 |a Politics, Practical  |z United States  |v Periodicals. 
650 7 |a Campaign management.  |2 fast  |0 (OCoLC)fst00844867 
650 7 |a Political campaigns.  |2 fast  |0 (OCoLC)fst01069212 
650 7 |a Politics, Practical.  |2 fast  |0 (OCoLC)fst01069977 
651 7 |a United States.  |2 fast  |0 (OCoLC)fst01204155 
655 0 |a Electronic journals. 
740 0 2 |a Influencers 500. 
770 0 |t Campaigntech uncut  |w (DLC) 2012260354  |w (OCoLC)797190695 
776 0 8 |i Continued online:  |t Campaigns & elections (2010)  |w (OCoLC)742879607 
780 0 0 |t Politics (Plainsboro, N.J.)  |x 1945-3191  |w (DLC) 2008237251  |w (OCoLC)190733370 
787 1 |t Political pages  |x 1945-3302  |w (DLC) 2002237849  |w (OCoLC)36843720 
850 |a DLC 
853 2 0 |8 1  |a v.  |b no.  |i (year)  |j (month)  |w 13 
853 2 0 |8 2  |a v.  |b no.  |i (year)  |j (month/month)  |w b 
856 4 0 |z Full text available from Research Library: 06/01/2010 to present  |u https://search.proquest.com/publication/40236 
863 4 1 |8 1.1  |a 31  |b 6  |i 2010  |j 06 
863 4 1 |8 2.1  |a 32  |b 7  |i 2011  |j 07/08